Statistics for 2020 NBA All-Stars

Click here to take the quiz!

General Stats

  • This quiz has been taken 1,037 times
    (746 since last reset)
  • The average score is 20 of 25

Answer Stats

PositionAnswer% Correct
FLeBron James
98%
FGiannis Antetokounmpo
95%
GJames Harden
93%
C/FAnthony Davis
92%
FKawhi Leonard
89%
CJoel Embiid
87%
GLuka Doncic
86%
GDamian Lillard
85%
GRussell Westbrook
84%
GKemba Walker
82%
CNikola Jokic
82%
GChris Paul
80%
GTrae Young
80%
FJayson Tatum
79%
F/GJimmy Butler
77%
GBen Simmons
76%
G*Devin Booker
76%
FPascal Siakam
75%
GKyle Lowry
72%
F/GKhris Middleton
71%
CRudy Gobert
70%
CBam Adebayo
68%
G/FDonovan Mitchell
66%
F/CDomantas Sabonis
64%
FBrandon Ingram
56%

Score Distribution

Percentile by Number Answered

Percent of People with Each Score

Your Score History

You have not taken this quiz since the last reset